000
00224nam a2200085 4500
001
1239590
005
20251008094726.0
245
_a
TANRININ KIRBACI ALTİLLA
_c
WİLLIM DIETRICH -FARUK ÖZDEM YILDIRIM
260
_b
PANAMA YAYINLARI
999
_c
1239590
_d
1239590